000
00255nam a22001097a 4500
008
170120b xxu||||| |||| 00| 0 eng d
020
_a
9781933107653
041
_a
eng
080
_2
3RD
_a
618.2
245
_a
NUTRITION FOR NURSING
_c
PLATT, D
942
_2
udc
_c
BK
999
_c
3279
_d
3279